[Event "Karelian Autumn"]
[Site "Petrozavodsk"]
[Date "2011.10.08"]
[Round "1"]
[White "Phil, Ilya N"]
[Black "Velikodvorskaya, Regina"]
[Result "1-0"]
[WhiteElo "2091"]
[BlackElo "1689"]
[PlyCount "69"]
[EventDate "2011.10.08"]
[EventType "swiss"]
[EventRounds "9"]
[EventCountry "RUS"]
[SourceTitle "EXT 2012"]
[Source "ChessBase"]
[SourceDate "2011.11.24"]
[SourceVersion "1"]
[SourceVersionDate "2011.11.24"]
[SourceQuality "1"]

1. Nf3 Nf6 2. c4 e6 3. g3 b6 4. Bg2 Bb7 5. 0-0 Nc6 6. d4 d6 7. Nc3 Be7 8. d5 exd5 9. cxd5 Nb8 10. Nd4 0-0 11. Bg5 Bc8 12. Rc1 h6 13. Bf4 a6 14. Qc2 Ra7 15. a4 Re8 16. Na2 Bf8 17. h3 c5 18. dxc6 Rc7 19. Nc3 g5 20. Bd2 Re5 21. b4 Qe8 22. b5 Rce7 23. e3 Rc5 24. Qb3 Be6 25. Nxe6 Rxe6 26. Nd5 Nxd5 27. Bxd5 Re5 28. e4 axb5 29. axb5 Qe7 30. Be3 Rxc1 31. Rxc1 Qc7 32. Kg2 Kg7 33. Qa4 Kh7 34. Qd4 f6 35. Qxb6 1-0

[Event "Karelia-ch"]
[Site "Petrozavodsk"]
[Date "2011.02.26"]
[Round "8"]
[White "Osmolny, Vladimir I"]
[Black "Phil, Ilya N"]
[Result "1/2-1/2"]
[WhiteElo "2200"]
[BlackElo "2093"]
[PlyCount "120"]
[EventDate "2011.02.22"]
[EventType "swiss"]
[EventRounds "9"]
[EventCountry "RUS"]
[SourceTitle "CBM 141 Extra"]
[Source "ChessBase"]
[SourceDate "2011.05.03"]
[SourceVersion "1"]
[SourceVersionDate "2011.05.03"]
[SourceQuality "1"]

1. Nf3 Nf6 2. d4 e6 3. e3 c5 4. Bd3 b6 5. Nbd2 Bb7 6. b3 Be7 7. Bb2 0-0 8. 0-0 Nc6 9. a3 d5 10. Qe2 Rc8 11. Rad1 Qc7 12. Ne5 Nxe5 13. dxe5 Ne4 14. Bxe4 dxe4 15. Qg4 Qc6 16. Nc4 Ba6 17. f3 Bxc4 18. bxc4 Rfd8 19. fxe4 Rxd1 20. Rxd1 Rd8 21. Rxd8+ Bxd8 22. Qd1 Be7 23. Qd3 Bf8 24. Bc3 Qa4 25. Be1 Be7 26. Kf1 Qc6 27. Ke2 Qa4 28. Kf3 Qc6 29. g4 h6 30. Qb3 Qd7 31. Ke2 Qc6 32. Qd3 Qa4 33. h3 Qc6 34. Kd1 Qa4 35. Kc1 Qc6 36. Kb2 Qa4 37. Ka2 Kf8 38. Kb2 Kg8 39. h4 g5 40. h5 Kg7 41. Ka2 Kg8 42. Bd2 Kg7 43. Kb2 Kg8 44. Kc1 Qc6 45. Kd1 Kg7 46. Ke2 Kg8 47. Kf3 Qa4 48. Be1 Kg7 49. Bf2 Kg8 50. Qb3 Qxb3 51. cxb3 Kf8 52. Ke2 Ke8 53. Be1 Kd7 54. b4 Kc6 55. Kd3 Bd8 56. bxc5 bxc5 57. Kc2 Kb6 58. Kb3 Ka6 59. Ka4 Bc7 60. Bc3 Bd8 1/2-1/2

[Event "Karelia-ch"]
[Site "Petrozavodsk"]
[Date "2011.02.23"]
[Round "3"]
[White "Phil, Ilya N"]
[Black "Puzyrevsky, Boris M"]
[Result "1-0"]
[WhiteElo "2093"]
[BlackElo "1966"]
[PlyCount "95"]
[EventDate "2011.02.22"]
[EventType "swiss"]
[EventRounds "9"]
[EventCountry "RUS"]
[SourceTitle "CBM 141 Extra"]
[Source "ChessBase"]
[SourceDate "2011.05.03"]
[SourceVersion "1"]
[SourceVersionDate "2011.05.03"]
[SourceQuality "1"]

1. Nf3 d5 2. d4 Nf6 3. c4 e6 4. Nc3 c6 5. Qd3 Be7 6. e4 dxe4 7. Nxe4 Nxe4 8. Qxe4 0-0 9. Bd3 f5 10. Qe3 Bf6 11. 0-0 Re8 12. Re1 Nd7 13. Bxf5 Nf8 14. Bc2 b6 15. Bd2 Bb7 16. Bc3 Rc8 17. Rad1 Qc7 18. Ne5 c5 19. dxc5 bxc5 20. Nf3 Qf7 21. Ne5 Qc7 22. b3 Ba8 23. Nf3 Qf7 24. Bxf6 Qxf6 25. Be4 Bxe4 26. Qxe4 Ng6 27. Rd6 Nf8 28. Qe5 Qg6 29. h3 h6 30. Red1 Qc2 31. R1d2 Qb1+ 32. Qe1 Qf5 33. Ne5 Rc7 34. Qe3 Ra8 35. Qf3 Qxf3 36. Nxf3 a5 37. Rd8 Rca7 38. Ne5 a4 39. bxa4 Kh7 40. Nc6 Rxa4 41. Rxa8 Rxa8 42. Rd8 Ra6 43. Nb8 Rxa2 44. Rxf8 g5 45. Rf7+ Kg6 46. Rc7 Ra1+ 47. Kh2 Ra2 48. f3 1-0

[Event "Karelian op 10th"]
[Site "Petrozavodsk"]
[Date "2010.10.14"]
[Round "7"]
[White "Makarov, Pavel"]
[Black "Phil, Ilya N"]
[Result "1/2-1/2"]
[WhiteElo "2046"]
[BlackElo "2103"]
[PlyCount "114"]
[EventDate "2010.10.01"]
[EventType "swiss"]
[EventRounds "9"]
[EventCountry "RUS"]
[SourceTitle "EXT 2022"]
[Source "ChessBase"]
[SourceDate "2021.10.06"]
[SourceVersion "1"]
[SourceVersionDate "2021.10.06"]
[SourceQuality "1"]

1. Nf3 Nf6 2. g3 b6 3. Bg2 Bb7 4. 0-0 e6 5. c4 Be7 6. Nc3 c5 7. e3 0-0 8. b3 d5 9. Bb2 Nc6 10. Re1 Qd7 11. a3 Rfd8 12. d3 dxc4 13. dxc4 Qxd1 14. Raxd1 Na5 15. Nd2 Bxg2 16. Kxg2 Rxd2 17. Rxd2 Nxb3 18. Red1 Nxd2 19. Rxd2 Rd8 20. Rxd8+ Bxd8 21. a4 Ne8 22. Ne4 f5 23. Nd2 Bf6 24. Bxf6 Nxf6 25. Kf3 Kf7 26. h3 Nd7 27. e4 Kf6 28. Ke3 g5 29. f4 gxf4+ 30. gxf4 e5 31. Nf3 h6 32. exf5 Kxf5 33. Nh4+ Ke6 34. Nf3 a6 35. h4 exf4+ 36. Kxf4 Nf6 37. Nd2 Nh5+ 38. Kg4 Nf6+ 39. Kf4 a5 40. Ne4 Nd7 41. Nd2 Ne5 42. Ke4 Ng6 43. Nf3 Ne7 44. Ne5 Nf5 45. Nf3 Nd6+ 46. Kd3 Kf5 47. h5 Kf4 48. Nh4 Kg4 49. Ng6 Kxh5 50. Nf4+ Kg4 51. Nd5 h5 52. Nxb6 h4 53. Nd5 Kf3 54. Ne3 h3 55. Nf1 Nf5 56. Nh2+ Kg2 57. Ke2 Ng3+ 1/2-1/2

[Event "Karelian op 10th"]
[Site "Petrozavodsk"]
[Date "2010.10.11"]
[Round "4"]
[White "Stebunov, Alexander A"]
[Black "Phil, Ilya N"]
[Result "1/2-1/2"]
[WhiteElo "1929"]
[BlackElo "2103"]
[PlyCount "24"]
[EventDate "2010.10.01"]
[EventType "swiss"]
[EventRounds "9"]
[EventCountry "RUS"]
[SourceTitle "EXT 2022"]
[Source "ChessBase"]
[SourceDate "2021.10.06"]
[SourceVersion "1"]
[SourceVersionDate "2021.10.06"]
[SourceQuality "1"]

1. e4 e6 2. d4 d5 3. e5 c5 4. c3 Qb6 5. Nf3 Bd7 6. a3 c4 7. Nbd2 Nc6 8. Rb1 Na5 9. g3 Ne7 10. Bg2 h6 11. 0-0 0-0-0 12. Nh4 g6 1/2-1/2

[Event "Karelia-ch 63rd"]
[Site "Petrozavodsk"]
[Date "2010.02.22"]
[Round "4"]
[White "Phil, Ilya N"]
[Black "Dmitriev, Andrey V"]
[Result "1/2-1/2"]
[WhiteElo "2111"]
[BlackElo "1905"]
[PlyCount "78"]
[EventDate "2010.02.20"]
[EventType "swiss"]
[EventRounds "9"]
[EventCountry "RUS"]
[SourceTitle "CBM 135 Extra"]
[Source "ChessBase"]
[SourceDate "2010.05.04"]
[SourceVersion "1"]
[SourceVersionDate "2010.05.04"]
[SourceQuality "1"]

1. Nf3 d5 2. c4 c6 3. b3 Nf6 4. g3 Bf5 5. Bg2 h6 6. Bb2 e6 7. 0-0 Be7 8. d3 0-0 9. Nbd2 Nbd7 10. Rc1 a5 11. a3 Qb6 12. cxd5 cxd5 13. Nd4 Bh7 14. a4 Rfc8 15. Nb5 Nc5 16. Bd4 Qd8 17. Rc3 Nfd7 18. Qc1 e5 19. Bxc5 Nxc5 20. d4 exd4 21. Nxd4 Ne4 22. Nxe4 dxe4 23. e3 Rxc3 24. Qxc3 Rc8 25. Qb2 Qc7 26. Qe2 Qe5 27. Qd2 Bb4 28. Qb2 Rc5 29. Rc1 Rxc1+ 30. Qxc1 Qc5 31. Qxc5 Bxc5 32. Bf1 Kf8 33. Bc4 Ke7 34. Kf1 Bg6 35. Ne2 f5 36. Nd4 Kf6 37. h4 Bh5 38. Ne6 Bb4 39. Nf4 Bf7 1/2-1/2

[Event "Karelian Autumn op-B"]
[Site "Petrozavodsk"]
[Date "2009.10.17"]
[Round "9"]
[White "Nasonov, Vadim"]
[Black "Phil, Ilya N"]
[Result "1/2-1/2"]
[WhiteElo "2151"]
[BlackElo "2106"]
[PlyCount "21"]
[EventDate "2009.10.10"]
[EventType "swiss"]
[EventRounds "9"]
[EventCountry "RUS"]
[SourceTitle "EXT 2022"]
[Source "ChessBase"]
[SourceDate "2021.10.06"]
[SourceVersion "1"]
[SourceVersionDate "2021.10.06"]
[SourceQuality "1"]

1. d4 f5 2. g3 Nf6 3. Bg2 g6 4. Nf3 Bg7 5. 0-0 0-0 6. c4 d6 7. Nc3 c6 8. b4 Qe8 9. b5 e5 10. dxe5 dxe5 11. e4 1/2-1/2

[Event "Karelian Autumn op-B"]
[Site "Petrozavodsk"]
[Date "2009.10.12"]
[Round "4"]
[White "Khludnev, Kirill"]
[Black "Phil, Ilya N"]
[Result "0-1"]
[WhiteElo "2066"]
[BlackElo "2106"]
[PlyCount "66"]
[EventDate "2009.10.10"]
[EventType "swiss"]
[EventRounds "9"]
[EventCountry "RUS"]
[SourceTitle "EXT 2022"]
[Source "ChessBase"]
[SourceDate "2021.10.06"]
[SourceVersion "1"]
[SourceVersionDate "2021.10.06"]
[SourceQuality "1"]

1. Nf3 Nf6 2. g3 b6 3. Bg2 Bb7 4. 0-0 g6 5. d3 Bg7 6. e4 d6 7. h3 0-0 8. Nh4 Nfd7 9. f4 c5 10. c3 Nc6 11. Be3 b5 12. f5 b4 13. fxg6 hxg6 14. Qb3 bxc3 15. bxc3 Rb8 16. Nd2 Nce5 17. Qa4 Nxd3 18. Nxg6 Nb2 19. Qc2 fxg6 20. Rab1 Rxf1+ 21. Bxf1 Qa5 22. Qxb2 Qxc3 23. Bc4+ Qxc4 24. Nxc4 Bxb2 25. Rxb2 Bxe4 26. Rxb8+ Nxb8 27. Nd2 Bd5 28. a3 Nc6 29. Kf2 Kf7 30. Nb1 Ne5 31. Nc3 Bc6 32. Ke2 Nc4 33. Bc1 d5 0-1

[Event "Karelian Autumn op-B"]
[Site "Petrozavodsk"]
[Date "2009.10.11"]
[Round "3"]
[White "Phil, Ilya N"]
[Black "Sharshutin, Sergey"]
[Result "1-0"]
[WhiteElo "2106"]
[BlackElo "2015"]
[PlyCount "61"]
[EventDate "2009.10.10"]
[EventType "swiss"]
[EventRounds "9"]
[EventCountry "RUS"]
[SourceTitle "EXT 2022"]
[Source "ChessBase"]
[SourceDate "2021.10.06"]
[SourceVersion "1"]
[SourceVersionDate "2021.10.06"]
[SourceQuality "1"]

1. Nf3 Nf6 2. c4 g6 3. b3 Bg7 4. Bb2 0-0 5. g3 d6 6. Bg2 c6 7. 0-0 Nbd7 8. d4 Qc7 9. Nc3 e5 10. e3 Nh5 11. Qc2 f5 12. Rad1 f4 13. dxe5 dxe5 14. Ba3 Re8 15. Ne4 Bf8 16. Bd6 Bxd6 17. Nxd6 Re7 18. exf4 exf4 19. c5 Ndf6 20. Rfe1 fxg3 21. hxg3 Bg4 22. Qc4+ Kf8 23. Rxe7 Qxe7 24. Re1 Qc7 25. Ne5 Bc8 26. g4 Ng7 27. Qf4 Qd8 28. g5 Ne6 29. Qxf6+ Qxf6 30. gxf6 Nxc5 31. Nxg6+ 1-0

[Event "Karelia-ch 62nd"]
[Site "Petrozavodsk"]
[Date "2009.02.26"]
[Round "9"]
[White "Phil, Ilya N"]
[Black "Zasypkin, Alexey"]
[Result "0-1"]
[WhiteElo "2110"]
[BlackElo "2249"]
[PlyCount "74"]
[EventDate "2009.02.21"]
[EventType "swiss"]
[EventRounds "9"]
[EventCountry "RUS"]
[SourceTitle "CBM 129 Extra"]
[Source "ChessBase"]
[SourceDate "2009.05.05"]
[SourceVersion "2"]
[SourceVersionDate "2009.05.20"]
[SourceQuality "1"]

1. Nf3 Nf6 2. c4 g6 3. b3 Bg7 4. Bb2 0-0 5. g3 c6 6. Bg2 d5 7. 0-0 Re8 8. cxd5 cxd5 9. d4 b5 10. Ne5 Bb7 11. Nc3 a6 12. Rc1 e6 13. Ba3 Nbd7 14. Nd3 Ne4 15. e3 Bf8 16. Bxf8 Rxf8 17. b4 Nd6 18. a4 bxa4 19. Qxa4 a5 20. Nc5 Nb6 21. Qb3 Bc6 22. b5 Be8 23. Rfd1 Nbc4 24. e4 dxe4 25. N3xe4 Bxb5 26. Nxd6 Nxd6 27. Nb7 Nxb7 28. Bxb7 Qd7 29. Bxa8 Rxa8 30. Qc3 a4 31. Qc5 Be2 32. Rd2 Bf3 33. Qc7 Qd5 34. Qe5 a3 35. Rdc2 Qd8 36. Rc7 Bd5 37. Qe3 a2 0-1

[Event "Karelia-ch 62nd"]
[Site "Petrozavodsk"]
[Date "2009.02.23"]
[Round "5"]
[White "Phil, Ilya N"]
[Black "Nasonov, Vadim"]
[Result "0-1"]
[WhiteElo "2110"]
[BlackElo "2199"]
[PlyCount "86"]
[EventDate "2009.02.21"]
[EventType "swiss"]
[EventRounds "9"]
[EventCountry "RUS"]
[SourceTitle "CBM 129 Extra"]
[Source "ChessBase"]
[SourceDate "2009.05.05"]
[SourceVersion "2"]
[SourceVersionDate "2009.05.20"]
[SourceQuality "1"]

1. d4 d5 2. c4 e6 3. Nc3 Nf6 4. Bg5 Be7 5. e3 0-0 6. Nf3 b6 7. Rc1 Bb7 8. Bd3 c5 9. cxd5 cxd4 10. Nxd4 Nxd5 11. Bxe7 Qxe7 12. 0-0 Nb4 13. Be2 Rd8 14. Qa4 N8c6 15. Nxc6 Bxc6 16. Bb5 Bb7 17. Rcd1 a6 18. Be2 Qg5 19. e4 Qc5 20. a3 Nc6 21. Rxd8+ Rxd8 22. Rd1 Rxd1+ 23. Qxd1 Nd4 24. Bf1 g6 25. Qd3 b5 26. h3 Bc6 27. b4 Qd6 28. Ne2 e5 29. Nxd4 exd4 30. f3 Bd7 31. Qc2 Be6 32. Kf2 Kg7 33. g3 g5 34. Qd2 Qe5 35. Bg2 Bc4 36. f4 Qd6 37. fxg5 d3 38. Qc3+ Kg8 39. e5 Qb6+ 40. Kf3 Bd5+ 41. Kg4 Qe6+ 42. Kf4 Bxg2 43. Qxd3 Bxh3 0-1

[Event "Petrozavodsk A2"]
[Site "Petrozavodsk"]
[Date "2008.10.12"]
[Round "6"]
[White "Phil, Ilya N"]
[Black "Dokuchaev, Andrey"]
[Result "0-1"]
[WhiteElo "2147"]
[BlackElo "2404"]
[PlyCount "114"]
[EventDate "2008.10.08"]
[EventType "tourn"]
[EventRounds "11"]
[EventCountry "RUS"]
[SourceTitle "EXT 2011"]
[Source "ChessBase"]
[SourceDate "2010.11.26"]
[SourceVersion "1"]
[SourceVersionDate "2010.11.26"]
[SourceQuality "1"]

1. Nf3 d5 2. b3 Bg4 3. e3 f6 4. c4 c6 5. Be2 e5 6. Bb2 Nh6 7. 0-0 Be7 8. d3 0-0 9. Nc3 Be6 10. a3 Nf7 11. Rc1 a6 12. Rc2 Nd7 13. Qa1 b5 14. Qa2 Nb6 15. Rfc1 Qd7 16. Nd2 bxc4 17. bxc4 d4 18. exd4 exd4 19. Nce4 f5 20. Ng3 Na4 21. Nf3 c5 22. Bd1 Rfb8 23. Re2 Nxb2 24. Rxb2 Rxb2 25. Qxb2 Bd6 26. Rb1 Rb8 27. Qc2 Rb7 28. Rxb7 Qxb7 29. Qb3 Qxb3 30. Bxb3 Bd7 31. Kf1 g6 32. Ke2 Bc6 33. Nf1 Kg7 34. Ne1 g5 35. Kd2 Bc7 36. f3 h5 37. Ke2 Ne5 38. Bc2 h4 39. f4 gxf4 40. h3 f3+ 41. Nxf3 Nxf3 42. gxf3 Bf4 43. Kf2 Kf6 44. Bd1 Ke5 45. Bc2 Bc1 46. a4 Kf4 47. Bd1 Ba3 48. Nd2 Bb4 49. Nf1 Bc3 50. Nh2 Bd2 51. Nf1 Bc1 52. Nh2 Ke5 53. Ke2 Kd6 54. Nf1 Kc7 55. Nd2 Bxd2 56. Kxd2 Kb6 57. Kc1 Ka5 0-1

[Event "Petrozavodsk A2"]
[Site "Petrozavodsk"]
[Date "2008.10.10"]
[Round "4"]
[White "Phil, Ilya N"]
[Black "Romanko, Alexandr"]
[Result "0-1"]
[WhiteElo "2147"]
[BlackElo "2185"]
[PlyCount "58"]
[EventDate "2008.10.08"]
[EventType "tourn"]
[EventRounds "11"]
[EventCountry "RUS"]
[SourceTitle "EXT 2011"]
[Source "ChessBase"]
[SourceDate "2010.11.26"]
[SourceVersion "1"]
[SourceVersionDate "2010.11.26"]
[SourceQuality "1"]

1. d4 d5 2. c4 dxc4 3. Nf3 Nf6 4. Nc3 a6 5. a4 Bf5 6. e3 e6 7. Bxc4 Nbd7 8. 0-0 c5 9. Qe2 Bg4 10. h3 Bh5 11. Rd1 cxd4 12. Rxd4 Qc7 13. g4 Bg6 14. e4 Bc5 15. Rd1 Rc8 16. Bb3 Bb4 17. e5 Bxc3 18. bxc3 Ne4 19. Bb2 Nxc3 20. Bxc3 Qxc3 21. Rac1 Qxc1 22. Rxc1 Rxc1+ 23. Kg2 0-0 24. Qd2 Rc7 25. Qd6 Rfc8 26. Nh4 Nc5 27. Nxg6 hxg6 28. Bc2 Rd7 29. Qb6 Rd5 0-1

[Event "Petrozavodsk A2"]
[Site "Petrozavodsk"]
[Date "2008.10.09"]
[Round "9"]
[White "Savolainen, Lev P"]
[Black "Phil, Ilya N"]
[Result "1-0"]
[WhiteElo "2190"]
[BlackElo "2147"]
[PlyCount "71"]
[EventDate "2008.10.08"]
[EventType "tourn"]
[EventRounds "11"]
[EventCountry "RUS"]
[SourceTitle "EXT 2011"]
[Source "ChessBase"]
[SourceDate "2010.11.26"]
[SourceVersion "1"]
[SourceVersionDate "2010.11.26"]
[SourceQuality "1"]

1. d4 e6 2. e4 d5 3. Nc3 Bb4 4. e5 b6 5. Qg4 Bf8 6. Bg5 Qd7 7. Nf3 Ba6 8. Bxa6 Nxa6 9. 0-0 h6 10. Be3 Ne7 11. a4 Nb4 12. Nb5 a6 13. Na3 Qxa4 14. Nd2 Nf5 15. c3 Nc2 16. Qd1 Bxa3 17. Rxa3 Qxa3 18. bxa3 Nfxe3 19. fxe3 Nxe3 20. Qa4+ b5 21. Qa5 Nxf1 22. Nxf1 0-0 23. Nd2 c5 24. dxc5 Rfc8 25. Nb3 Rc6 26. Kf2 Kh7 27. Ke3 Kg6 28. Qb4 Rac8 29. Kd4 f6 30. exf6 gxf6 31. Na5 R6c7 32. c6 Rxc6 33. Nxc6 Rxc6 34. Qf8 Rc4+ 35. Kd3 h5 36. Qe8+ 1-0

[Event "Karelia-ch"]
[Site "Petrozavodsk"]
[Date "2008.03.09"]
[Round "8"]
[White "Phil, Ilya N"]
[Black "Sharshutin, Sergey"]
[Result "1/2-1/2"]
[WhiteElo "2115"]
[BlackElo "2049"]
[PlyCount "43"]
[EventDate "2008.03.05"]
[EventType "swiss"]
[EventRounds "9"]
[EventCountry "RUS"]
[SourceTitle "CBM 123 Extra"]
[Source "ChessBase"]
[SourceDate "2008.05.06"]
[SourceVersion "1"]
[SourceVersionDate "2008.05.06"]
[SourceQuality "1"]

1. d4 Nf6 2. c4 g6 3. Nc3 Bg7 4. Bg5 0-0 5. Nf3 d6 6. e3 Nbd7 7. Be2 e5 8. Qc2 c6 9. 0-0 h6 10. Bh4 g5 11. Bg3 Nh5 12. dxe5 Nxg3 13. hxg3 dxe5 14. Bd3 Qe7 15. Nd2 a5 16. Bf5 Nc5 17. g4 Be6 18. Nce4 Nxe4 19. Nxe4 Rfd8 20. Rad1 b5 21. b3 a4 22. Ng3 1/2-1/2